| 000 | 01430cam a22003017a 4500 | ||
|---|---|---|---|
| 001 | 13916525 | ||
| 005 | 20230321160606.0 | ||
| 008 | 050331s2005 nyu 000 0 eng d | ||
| 010 | _a 2005295645 | ||
| 020 | _a0471678775 | ||
| 035 | _a(OCoLC)ocm57654807 | ||
| 040 |
_aMUO _cMUO _dDLC |
||
| 042 | _alccopycat | ||
| 050 | 0 | 0 |
_aTS155 _b.K7925 2005 |
| 082 |
_a658.5 _bKRA |
||
| 100 | 1 |
_aKratzer, Thomas A. _9110981 |
|
| 245 | 1 | 0 |
_aQuantitative survival guide for operations management / _cThomas A. Kratzer. |
| 260 |
_aU.S.A : _bWiley, _cc2005. |
||
| 300 |
_av, 71 p. : _bill. ; _c26 cm. |
||
| 505 | 0 | _aThe basics -- Break-even quantities -- Quality control -- Reliability -- Forecasting models -- Location models; Center of Gravity; Load distance -- Layout models; Load distance; Assembly line balancing -- Time studies -- Independent demand inventory models -- Project planning; PERT -- Waiting line models -- Decision analysis. | |
| 650 | 0 |
_aProduction management _xStatistical methods. _9110982 |
|
| 650 | 0 |
_aQuality control _xStatistical methods. |
|
| 856 | 4 | 2 |
_3Publisher description _uhttp://www.loc.gov/catdir/enhancements/fy0627/2005295645-d.html |
| 856 | 4 | 1 |
_3Table of contents only _uhttp://www.loc.gov/catdir/enhancements/fy0627/2005295645-t.html |
| 906 |
_a7 _bcbc _ccopycat _d3 _encip _f20 _gy-gencatlg |
||
| 942 |
_2ddc _cBK |
||
| 999 |
_c594001 _d594001 |
||